| 000 | 00597 a2200181 4500 | ||
|---|---|---|---|
| 999 |
_c7704 _d7704 |
||
| 020 | _a0273623826 | ||
| 050 | _aHF5437 SAU 1997 | ||
| 100 |
_aSaunders, Malcolm _eauthor |
||
| 245 |
_aStrategic purchasing and supply chain management / _cMalcolm Saunders |
||
| 250 | _a2nd ed. | ||
| 264 |
_aHarlow : _bFinancial Times/ Prentice Hall, _c1997. |
||
| 300 |
_a354p. : _bill. |
||
| 500 | _aIncludes bibliographical references and index | ||
| 650 |
_aIndustrial procurement _xManagement |
||
| 650 |
_aPurchasing _xManagement. |
||
| 650 | _aStrategic planning. | ||
| 942 |
_2lcc _cBK _e2nd ed. _h5437 _iSAU _kHF |
||